| 000 | 00608nam a2200181 a 4500 | ||
|---|---|---|---|
| 008 | 120416s1974 ||||||||||||||||| || u | ||
| 020 | _a0813814804 | ||
| 050 | _aHD 1417 Hew | ||
| 100 | _aHewes, Laurence | ||
| 245 | 1 | 0 | _aRural development |
| 246 | _aworld frontiers | ||
| 260 |
_aIowa _bThe Iowa State University Press _c1974 |
||
| 300 | _axxviii, 186p. | ||
| 350 | _a0.00 | ||
| 650 | _aRURAL DEVELOPMENT--AGRICULTURE | ||
| 650 | _aAGRICULTURE | ||
| 995 |
_D0.00 _FCBU-MAIN LIBRARY (Kitwe) _H1 _I8.50 _M1 _UAVAILABLE _ZAnnex Low-Usage Collection |
||
| 999 |
_c56810 _d56810 |
||